000 00418nam a2200145 a 4500
001 000034398
005 20200930073658.0
008 111004s2009 fr 000 0 spa d
040 _aDO-SdBNP
_bspa
_cBNPHU
100 1 _aGermain, Saint
_947563
245 1 0 _aIl settimo raggio /
_cSaint Germain.
260 _a[francia] :
_bEditrice Metafica Sentiero de Luz,
_c2009.
300 _a119 p. :
_bil. ;
_c21 cm.
049 _aBNPD
999 _c33889
_d33889